000 00358nam a22001337a 4500
005 20260313150905.0
008 260313b |||||||| |||| 00| 0 eng d
040 _cFLL
041 _2eng
_aeng
100 _aSingh, Aditya
_91132038
245 _aRole of Medical Evidence in Criminal Justice System
260 _aDU
_bFaculty of Law
_c2024
942 _2CC
_cDIS
999 _c1715390
_d1715390